Album Covers by Letter - O - Statistics

General Stats
  • This quiz has been taken 114 times
  • The average score is 6 of 16
Answer Stats
Picture Answer % Correct
Off the Wall - Michael Jackson
90%
OK Computer - Radiohead
81%
Oops!... I Did It Again - Britney Spears
73%
Out of the Blue - Electric Light Orchestra
69%
One of the Boys - Katy Perry
66%
Out Of Time - R.E.M.
65%
Origin of Symmetry - Muse
35%
Ocean Rain - Echo & the Bunnymen
25%
Only by the Night - Kings of Leon
25%
Odelay - Beck
24%
Only Built 4 Cuban Linx... - Raekwon
15%
Only Revolutions - Biffy Clyro
14%
On the Beach - Neil Young
14%
Odyssey and Oracle - The Zombies
10%
Once Upon a Time - Simple Minds
9%
Out of Exile - Audioslave
7%
No matching quizzes found
Score Distribution
Percent of People with Each Score
Percentile by Number Answered
Your Score History
You have not taken this quiz